000 00704cam a22002531 4500
001 18060
003 BD-RjUL
005 20211209000231.0
008 140219s1958 nyu 000 0 eng
035 _a(BD-RjUL)18118
035 _a(OCoLC)304060
040 _aDLC
_cOYU
_dOCoLC
_dDLC
_dBD-RjUL
_beng
041 _aeng
082 0 0 _a821.91
_bRIG 1958
100 1 _aRichards, I. A.
_q(Ivor Armstrong),
_d1893-1979.
_91172
245 1 0 _aGoodbye earth :
_bAnd other poems /
_c I. A. Richards.
250 _a[1st ed.]
260 _aNew York :
_bHarcourt, Brace,
_cc1958.
300 _ax, 64 p. ;
_c22 cm.
650 0 _aPoems
_955654
942 _2ddc
_cBK
999 _c18060
_d18060